| 000 | 00621nam a22002177a 4500 | ||
|---|---|---|---|
| 003 | UA-OsUOA | ||
| 001 | 61614 | ||
| 007 | ta | ||
| 008 | 20090708b un ||||| |||| 00| 0 ukr d | ||
| 100 | _aСмирнова И.Е. | ||
| 090 |
_a94(477) _bС50 |
||
| 942 | _cSA | ||
| 040 |
_aUA-OsUOA _bukr _cUA-OsUOA _dUA-OsUOA |
||
| 245 | _aПолитические связи Хазарского каганата и Киевской Руси (ІХ-Хвв.) | ||
| 300 | _aС.89-94 | ||
| 955 | _a0 | ||
| 041 | _aukr | ||
| 080 | _a94(477) | ||
| 773 | 0 | _w61611 | |
| 650 | 7 |
_a9 Географія. Біографії. Історія _2UDC |
|
| 999 |
_c347258 _d347258 |
||